000 00368nam a2200157Ia 4500
005 20250630014143.0
008 240331s9999 xx 000 0 und d
020 _a955867804x
082 _bDES
_a1551
100 _aDe Soyza,P
245 0 _aGahanu lowa pirimi lowa
260 _aGotatuwa
_bP&P Associates
_c2004
300 _a174 p .,
650 _aGender
942 _cL
999 _c5220
_d5220